00772 2200205 4500001002100000005001500021035002000036245004700056100001900103250001700122300002800139260003100167082000800198084001400206020002200220650002100242520024600263008004100509990001600550INLIS00000000000005420240322081334 a0010-03240000541 aBunga Ajaib Taman Kinkin /cErlita Pratiwi0 aErlita Pratiwi acetakan ke-1 a36 hlm :bilus ;c19 cm aSolo :bTiga Ananda,c2018 a813 a813 ERL b a978-602-366-484-9 4aCerita Bergambar aKinkin ingin memiliki taman bunga berwarna-warni seperti milik Nonin. Namun, di tamannya hanya ada bunga kemuning. Kata Kak Ria, bunga kemuning banyak manfaatnya. Selain itu, ada cerita di balik bunga kemuning. Yuk, cari tahu bersama Kinkin.240322 b 1 ind  a00000000054